Svetová politika a bezpečnosť v roku 2015
Rok 2015 a svetové dejiny najmä z hľadiska bezpečnosti. Trendy pôsobenia veľkých aktérov. Vybrané negatívne procesy, ktoré najviac znepokojili politikov, médiá, odborníkov, ale aj bežných ľudí.
Salvato in:
| Autore principale: | |
|---|---|
| Natura: | Capitolo di libro |
| Lingua: | slovacco |
| Soggetti: | |
| Tags: |
Nessun Tag, puoi essere il primo ad aggiungerne!!
|
MARC
| LEADER | 00000naa a2200000 4500 | ||
|---|---|---|---|
| 001 | 0214194 | ||
| 005 | 20240502073600.2 | ||
| 041 | 0 | |a slo | |
| 044 | |a SK | ||
| 245 | 1 | 0 | |a Svetová politika a bezpečnosť v roku 2015 |c František Škvrnda |
| 520 | |a Rok 2015 a svetové dejiny najmä z hľadiska bezpečnosti. Trendy pôsobenia veľkých aktérov. Vybrané negatívne procesy, ktoré najviac znepokojili politikov, médiá, odborníkov, ale aj bežných ľudí. | ||
| 610 | 2 | 0 | |a politika svetová |
| 610 | 2 | 0 | |a vzťahy politické medzinárodné |
| 610 | 2 | 0 | |a vzťahy zahraničné |
| 610 | 2 | 0 | |a politika migračná |
| 610 | 2 | 0 | |a procesy sociálne |
| 610 | 2 | 0 | |a bezpečnosť medzinárodná |
| 100 | 1 | |a Škvrnda, František | |